América Latina: desarrollo y perspectivas democráticas /
Պահպանված է:
| Հիմնական հեղինակ: | |
|---|---|
| Ձևաչափ: | Անհայտ |
| Լեզու: | Spanish |
| Հրապարակվել է: |
Costa Rica :
FLACSO,
1982
|
| Խորագրեր: | |
| Ցուցիչներ: |
Ավելացրեք ցուցիչ
Չկան պիտակներ, Եղեք առաջինը, ով նշում է այս գրառումը!
|
MARC
| LEADER | 00000 a2200000 04500 | ||
|---|---|---|---|
| 001 | 2365 | ||
| 003 | cru CIDCACS/IIS | ||
| 005 | 20240123142910.0 | ||
| 008 | 050604s1982 cr spa d | ||
| 020 | |a 84-89401-00-4 | ||
| 040 | |c cru CIDCACS/IIS | ||
| 090 | |a 04.04.02 A663a | ||
| 100 | |a Rojas Aravena, Francisco, editor | ||
| 245 | |a América Latina: desarrollo y perspectivas democráticas / |c Francisco Rojas Aravena, editor; et.al | ||
| 260 | |a Costa Rica : |b FLACSO, |c 1982 | ||
| 300 | |a 178 páginas | ||
| 650 | |a SISTEMAS POLITICOS | ||
| 650 | |a AMERICA LATINA | ||
| 650 | |a ANALISIS HISTORICO | ||
| 650 | |a CONQUISTA | ||
| 650 | |a RECESION ECONOMICA | ||
| 650 | |a CAMBIO SOCIAL | ||
| 650 | |a DESARROLLO URBANO | ||
| 650 | |a MOVIMIENTOS OBREROS | ||
| 650 | |a IGLESIA CATOLICA | ||
| 942 | |2 z |c LI |h 04.04.02 A663a |i 13661 |i 15099 |6 040402_A663A_13661__15099 | ||
| 999 | |c 14456 |d 14456 | ||



